000 01037nac a22002771i 4500
003 EG-ScBUE
005 20260426100307.0
008 260426t1998 maua f 001 0 eng d
020 _a0878938478 (pbk.)
020 _a9780878938476
040 _aEG-ScBUE
_beng
_erda
_cEG-ScBUE
_dEG-ScBUE
082 0 4 _a577.880151
_bTUR
_222
100 1 _aTurchin, Peter,
_eauthor.
245 1 0 _aQuantitative analysis of movement :
_bmeasuring and modeling population redistribution in animals and plants /
_cPeter Turchin, University of Connecticutt.
264 1 _aSunderland, Mass. :
_bSinauer Associates,
_c[1998]
264 4 _cc1998
300 _aix, 396 pages :
_billustrations ;
_c23 cm
336 _2rdacontent
_atext
_btxt
337 _aunmediated
_2rdamedia
_bn
338 _avolume
_bnc
_2rdacarrier
504 _aIncludes bibliographical references and index.
650 7 _aSpatial ecology
_xMathematical models.
_2BUEsh
650 7 _aPopulation biology
_xMathematical models.
_2BUEsh
655 _vReading book
942 _cBB
_2ddc
999 _c9294
_d9294